000 00640nam a2200205Ia 4500
005 20260429112137.0
008 260429s9999||||xx |||||||||||||| ||und||
020 _a9781394369423
041 _aEnglish
082 _a338.4762
_bKAW
100 _aKawamori, Kentaro
245 0 _aCapitalism created the climate crisis and capitalism will solve it :
_bthe market forces catalyzing a climate technology renaissance /
_cKentaro Kawamori
250 _a1st ed.
260 _aNew Jersey :
_bWiley,
_c2024.
300 _aix, 209 p.; pbk
650 _a Climate crisis
650 _a Climate technology
650 _aCapitalism
942 _cTB
999 _c52572
_d52572